How to choose the right contract (Record no. 74125)
[ view plain ]
| 000 -LEADER | |
|---|---|
| fixed length control field | 00750cab a2200193 4500 |
| 001 - CONTROL NUMBER | |
| control field | ABS67401 |
| 008 - FIXED-LENGTH DATA ELEMENTS--GENERAL INFORMATION | |
| fixed length control field | 040205n2004 000 0 eng u |
| 035 ## - SYSTEM CONTROL NUMBER | |
| System control number | (Sirsi) u125052 |
| 100 ## - MAIN ENTRY--PERSONAL NAME | |
| Personal name | Wilcock, C. |
| 245 ## - TITLE STATEMENT | |
| Title | How to choose the right contract |
| 260 ## - PUBLICATION, DISTRIBUTION, ETC. | |
| Date of publication, distribution, etc. | 2004 |
| 490 ## - SERIES STATEMENT | |
| Series statement | Construction News |
| Volume/sequential designation | (6850) 22 January 2004, 28-29(2) |
| 520 ## - SUMMARY, ETC. | |
| Summary, etc. | Offers guidance on how to decide the most appropriate contract form of procurement to use for construction and engineering projects. Outlines why the correct choice is important and provides a short checklist, which can aid the decision. |
| 590 ## - LOCAL NOTE (RLIN) | |
| Local note | ABS |
| 650 ## - SUBJECT ADDED ENTRY--TOPICAL TERM | |
| Topical term or geographic name entry element | BUILT ENVIRONMENT-BUILDING CONTRACT FORMS |
| 650 ## - SUBJECT ADDED ENTRY--TOPICAL TERM | |
| Topical term or geographic name entry element | ENGINEERING CONTRACTS |
| 690 ## - LOCAL SUBJECT ADDED ENTRY--TOPICAL TERM (OCLC, RLIN) | |
| Topical term or geographic name as entry element | Procurement |
| 9 (RLIN) | 6260 |
| 942 ## - ADDED ENTRY ELEMENTS (KOHA) | |
| Suppress in OPAC | 0 |
| Withdrawn status | Lost status | Source of classification or shelving scheme | Damaged status | Not for loan | Home library | Current library | Shelving location | Date acquired | Total Checkouts | Full call number | Barcode | Date last seen | Copy number | Price effective from | Koha item type |
|---|---|---|---|---|---|---|---|---|---|---|---|---|---|---|---|
| Dewey Decimal Classification | London | London | Journal article | 05/02/2004 | ABS67401 | 125052-1001 | 06/08/2019 | 1 | 06/08/2019 | Journal article |